000 01257cam a2200277 i 4500
999 _c57882
_d57882
001 19151518
005 20221105215808.0
008 160624s2017 mdua b 001 0 eng
020 _a9781598579796 ( pbk.) 1
041 _aeng
080 _a616.89-008.434 T-82
245 0 0 _aTreatment of language disorders in children /
_cedited by Rebecca J. McCauley, Marc E. Fey, Ronald B. Gillam,
250 _aSecond edition.
264 4 _c2017.
_aBaltimore :
_bBrookes Publishing,
300 _a520 pages :
_billustrations ;
_c26 cm +
_e1 DVD (4 3/4 in.).
490 0 _aCommunication and language intervention series
650 0 _aLanguage disorders in children.
_91049
650 0 _aLanguage disorders in children
_xTreatment.
_910703
650 7 _aEDUCATION / Special Education / Communicative Disorders.
_2bisacsh
_910704
653 _aბავშვებში ენის დარღვევების მკურნალობა
653 _aმედიცინა
700 1 _aMcCauley, Rebecca Joan,
_d1952-
_eრედაქტორი
_910705
700 1 _aFey, Marc E.,
_d1952-
_eრედაქტორი
_910706
700 1 _aGillam, Ronald B.
_q(Ronald Bradley),
_d1955-
_eრედაქტორი
_910707
942 _2udc
_cBK